Водните дечица (Запис номер 1724)
[ съкратено ]
| 000 -Лидер | |
|---|---|
| Контролно поле с фиксирана дължина | nam a22 a 4500 |
| 003 - Код на организацията, давaща контролен номер | |
| Контролно поле | BLK |
| 005 - Дата и час на последна редакция | |
| Контролно поле | 20210205160524.0 |
| 008 - Елементи от данни с фиксирана дължина | |
| fixed length control field | 180412b bul|||||r ||||||| ||bul|| |
| 010 ## - Наследен системен номер | |
| LC control number | KNG00002615000 |
| 020 ## - Международен стандартен номер на книга ISBN | |
| Международен стандартен номер на книга ISBN | 954-8038-73-0 |
| 040 ## - Източник на каталожния запис | |
| Идентификатор на билиотеката - собственик на записа | BLK |
| 041 ## - Код за език | |
| Код за езика на текст/звукозапис или на отделно заглавие | Български |
| Код за езика КДБФ | Български |
| 080 ## - УДК | |
| Текстов определител УДК | Английска литература |
| УДК код - определител по УДК | 821.111 |
| УДК определител | -93-34 |
| УДК - код + определител | 821.111-93-34 |
| 100 1# - Редна дума - Автор | |
| Автор | Кингсли, Чарлс |
| Авторска отговорност | първи автор |
| R(LIN) | 244725 |
| 139 ## - Редно поле | |
| Редна дума | Кингсли, Чарлс |
| Авторски знак | Кин - К 54 |
| 245 10 - Сведения за заглавието | |
| Заглавие | Водните дечица |
| Подзаглавни данни | Приказка |
| Редно поле (дума) | Чарлс Кингсли; Чарлз Кингсли; преразк. Джейн Карът; прев. Георги Рупчев; ил. Ан Греъм Джоунстоун. |
| 257 ## - Страна на издаване | |
| Страна на създаване/издаване | Великобритания |
| 260 ## - Област на издателските данни | |
| Име на издателя, разпространителя и проч. | Пан |
| Година на издаване | 1994 |
| Място на издаване, разпространение и проч. | София |
| 300 ## - Физическа характеристика | |
| Страници | 28 с. |
| Илюстрации и др. | с цв. ил. |
| Размери/Мащаб | 30 см |
| 380 ## - Жанр | |
| Жанр | Детска худож. лит. |
| 500 ## - Общи забележки | |
| Забележка | Ориг. загл. Water Babies / Charles Kingsley. - 15 000 тир. |
| 653 ## - Ключова дума – ненормативна | |
| Ключова дума | приказки |
| 653 ## - Ключова дума – ненормативна | |
| Ключова дума | литература за деца |
| 653 ## - Ключова дума – ненормативна | |
| Ключова дума | детска литература |
| 700 1# - Други автори (авторска отговорност) | |
| Лично име | Кингсли, Чарлз |
| 9 (RLIN) | 244726 |
| 700 1# - Други автори (авторска отговорност) | |
| Лично име | Карът, Джейн |
| Автороска отговорност (Описва отношението между автора и произведението) | преразк. |
| 9 (RLIN) | 77349 |
| 700 1# - Други автори (авторска отговорност) | |
| Лично име | Рупчев, Георги |
| Автороска отговорност (Описва отношението между автора и произведението) | прев. |
| 9 (RLIN) | 244727 |
| 700 1# - Други автори (авторска отговорност) | |
| Лично име | Джоунстоун, Ан Греъм |
| Автороска отговорност (Описва отношението между автора и произведението) | ил. |
| 9 (RLIN) | 61154 |
| 852 ## - Местоположение | |
| Форматна сигнатура | Цб ІІ 16769 |
| 856 4# - Електронен адрес и достъп | |
| Електронен формат | pdf - файл |
| Път до файла /url/ | |
| 856 4# - Електронен адрес и достъп | |
| Електронен формат | pdf - файл |
| Път до файла /url/ | |
| 999 ## - СИСТЕМНИ КОНТРОЛНИ НОМЕРА | |
| Koha biblionumber | 1724 |
| Koha biblioitemnumber | 1724 |
| 942 ## - АРТИКУЛИ | |
| Вид на библиотечния материал | Книги |
| Скрит в OPAC | Не |
| Koha issues (borrowed), all copies | 3 |
| Периодичен библиозапис | Да |
| 944 ## - СЪЗДАВАНЕ И РЕДАКЦИЯ на ЗАПИСА | |
| Създаване/Редакция | Създаване |
| Дата на регистрацията/редакция | 15.01.2003 |
| Статус, дата на статуса | ф / |
| Служител, извършил регистрацията/редакцията | Людмила_Стоянова |
| 944 ## - СЪЗДАВАНЕ И РЕДАКЦИЯ на ЗАПИСА | |
| Създаване/Редакция | Редакция |
| Дата на регистрацията/редакция | 16.10.2013 |
| Статус, дата на статуса | ф / |
| 999 ## - СИСТЕМНИ КОНТРОЛНИ НОМЕРА | |
| Koha biblioitemnumber | 1724 |
| Код за отписване | Код за изгубен артикул | Източник на класификационната схема | Код за повреда | Коз за рестрикции | Код за отдаване | Артикулен № | Име на библиотеката - собственик | Име на библиотеката, в която се намира в момента | Статус (Текущо местоположение) | Дата на вписване в системата | Местоположение - отдел | Цена в лева | Инвентарен номер | Систематично азбучна сигнатура | Баркод | Номер на екземпляра | Цена в евро | Служебна бележка | Служебен тип на артикула |
|---|---|---|---|---|---|---|---|---|---|---|---|---|---|---|---|---|---|---|---|
| Изтеглен | Не е изгубен | Universal Decimal Classification | Не е повреден | без рестрикции | заемане за дома | 3311 | Регионална библиотека "Любен Каравелов" Русе | Регионална библиотека "Любен Каравелов" Русе | Детски отдел | 2011-06-29 | Детски отдел | 2.99 | 120000751543 | ДХ 820/899/К 54 | 120000751543 | 1 | 1.53 | Дост: DA Вид: А N: 10 Дата: 29.06.2011 Дата инв: 17.08.2015 Бележки инв: Д2015 | Книги |
| Не е изгубен | Universal Decimal Classification | Не е повреден | само за читалня | ползва се в читалня | 3312 | Регионална библиотека "Любен Каравелов" Русе | Регионална библиотека "Любен Каравелов" Русе | Хранилище | 1994-01-01 | Хранилище | 0.58 | 603525 | Цб ІІ 16769 | 120000603525 | 2 | 0.30 | N: стар фонд Дата: 01.01.1994 | Книги | |
| Изтеглен | Не е изгубен | Universal Decimal Classification | Не е повреден | без рестрикции | заемане за дома | 3313 | Регионална библиотека "Любен Каравелов" Русе | Регионална библиотека "Любен Каравелов" Русе | Детски отдел | 1994-01-01 | Детски отдел | 0.60 | 602418 | ДХ 820/899/К 54 | 602418 | 3 | 0.31 | N: стар фонд Дата: 01.01.1994 Дата инв: 17.08.2015 Бележки инв: Д2015 | Книги |
| Изтеглен | Не е изгубен | Universal Decimal Classification | Не е повреден | без рестрикции | заемане за дома | 3314 | Регионална библиотека "Любен Каравелов" Русе | Регионална библиотека "Любен Каравелов" Русе | Детски отдел | 1994-01-01 | Детски отдел | 0.60 | 602420 | ДХ 820/899/К 54 | 602420 | 4 | 0.31 | N: стар фонд Дата: 01.01.1994 Дата инв: 17.08.2015 Бележки инв: Д2015 | Книги |
| Изтеглен | Не е изгубен | Universal Decimal Classification | Не е повреден | без рестрикции | заемане за дома | 3315 | Регионална библиотека "Любен Каравелов" Русе | Регионална библиотека "Любен Каравелов" Русе | Детски отдел | 1994-01-01 | Детски отдел | 1.50 | 665208 | ДХ 820/899/К 54 | 665208 | 5 | 0.77 | N: стар фонд Дата: 01.01.1994 Дата инв: 17.08.2015 Бележки инв: Д2015 | Книги |